| 000 | 00408nam a2200169Ia 4500 | ||
|---|---|---|---|
| 005 | 20140402152025.0 | ||
| 008 | 140130s9999 xx 000 0 und d | ||
| 050 |
_aPZ 7 _b.H1164Ap 2008 |
||
| 245 |
_cHaddix, Margaret Peterson _aAmong the impostors |
||
| 260 |
_bScholastic, _c2001 |
||
| 300 |
_a172 p. : _c20 cm. |
||
| 440 | _v1 | ||
| 521 | _aG4 | ||
| 526 | _c620 | ||
| 942 |
_cBK _2lcc |
||
| 999 |
_c40791 _d40791 |
||